[Event "PRO League Group Stage"]
[Site "chess.com INT"]
[Date "2018.01.31"]
[Round "3"]
[White "Chirila, Ioan-Cristian"]
[Black "Holt, Conrad"]
[Result "0-1"]
[WhiteTitle "GM"]
[BlackTitle "GM"]
[WhiteElo "2557"]
[BlackElo "2578"]
[WhiteTeam "San Jose Hackers"]
[BlackTeam "Dallas Destiny"]
[WhiteFideId "1211668"]
[BlackFideId "2034387"]
[EventDate "2018.01.18"]

1. b3 e5 2. Bb2 Nc6 3. Nf3 e4 4. Nd4 Nf6 5. e3 d5 6. Nxc6 bxc6 7. Be2 Bd6 8. O-O
h5 9. h3 Ng4 10. g3 Ne5 11. Kg2 Qd7 12. Rh1 h4 13. g4 f5 14. Bxe5 Bxe5 15. Nc3
O-O 16. f4 exf3+ 17. Bxf3 Qd6 18. Ne2 fxg4 19. hxg4 Rxf3 20. Kxf3 Bxg4+ 21. Kxg4
Qg6+ 22. Kh3 Qf5+ 23. Kg2 Qg4+ 24. Kf2 Rf8+ 25. Nf4 Rxf4+ 26. exf4 Bd4+ 27. Ke1
Qg3+ 28. Ke2 Qg2+ 0-1

[Event "PRO League Group Stage"]
[Site "chess.com INT"]
[Date "2018.01.31"]
[Round "3"]
[White "Urkedal, Frode"]
[Black "Tari, Aryan"]
[Result "1/2-1/2"]
[WhiteTitle "GM"]
[BlackTitle "GM"]
[WhiteElo "2572"]
[BlackElo "2599"]
[WhiteTeam "Oslo Trolls"]
[BlackTeam "Norway Gnomes"]
[WhiteFideId "1506102"]
[BlackFideId "1510045"]
[EventDate "2018.01.18"]

1. d4 Nf6 2. c4 g6 3. Nc3 d5 4. Bg5 Ne4 5. Bh4 Nxc3 6. bxc3 dxc4 7. e3 Be6 8.
Nh3 Bh6 9. Be2 O-O 10. O-O Bxh3 11. gxh3 Nd7 12. Bxc4 Nb6 13. Bb3 Nc8 14. f4 Nd6
15. Qf3 Qd7 16. e4 e6 17. Rae1 a5 18. Kh1 a4 19. Bc2 Qc6 20. e5 Qxf3+ 21. Rxf3
Nc4 22. Bd3 b5 23. Rf2 Rfb8 24. Rb1 Na3 25. Rbb2 Bf8 26. f5 Rb6 27. fxe6 fxe6
28. Rf1 Nc4 29. Re2 Bh6 30. Rg1 Ne3 31. Be4 Re8 32. Bf6 Nd5 33. Bxd5 exd5 34.
Bg5 Bxg5 35. Rxg5 Kf7 36. h4 Ke7 37. h5 Rf8 38. hxg6 Rxg6 39. Rxg6 hxg6 40. Kg2
c5 41. Rb2 b4 42. cxb4 cxd4 43. b5 Ke6 44. b6 Kxe5 45. b7 Rb8 46. Kf3 Kd6 47.
Rb4 Kc5 48. a3 Kc6 49. Rxd4 Rxb7 50. Rxa4 Kc5 51. Ra8 d4 52. Ke4 Re7+ 53. Kd3
Re3+ 54. Kd2 Rh3 55. Rc8+ Kd5 56. Rd8+ Ke5 57. Re8+ Kf6 58. a4 g5 59. a5 g4 60.
a6 Rxh2+ 61. Kd3 Ra2 62. Kxd4 Kf5 63. Rf8+ Kg5 64. Rg8+ Kf4 65. Rf8+ Kg3 66. Rf6
Kh2 67. Kc5 g3 68. Rg6 g2 69. Rxg2+ Rxg2 70. Kb6 Rg6+ 71. Kb7 Kg3 72. a7 Rg7+
73. Kb6 Rg8 74. Kb7 Kf4 75. a8=Q Rxa8 76. Kxa8 1/2-1/2

[Event "PRO League Group Stage"]
[Site "chess.com INT"]
[Date "2018.01.31"]
[Round "3"]
[White "Urkedal, Frode"]
[Black "Fressinet, Laurent"]
[Result "1-0"]
[WhiteTitle "GM"]
[BlackTitle "GM"]
[WhiteElo "2572"]
[BlackElo "2662"]
[WhiteTeam "Oslo Trolls"]
[BlackTeam "Norway Gnomes"]
[WhiteFideId "1506102"]
[BlackFideId "608742"]
[EventDate "2018.01.18"]

1. d4 Nf6 2. c4 g6 3. Nc3 Bg7 4. e4 d6 5. Nf3 O-O 6. h3 e5 7. d5 a5 8. g4 Na6 9.
Be3 Nd7 10. a3 Nac5 11. Rg1 a4 12. Nd2 Kh8 13. Qc2 c6 14. O-O-O Nb6 15. Kb1 Bd7
16. Be2 Qe7 17. h4 cxd5 18. cxd5 Rac8 19. h5 g5 20. Rc1 h6 21. Qd1 Bf6 22. Bb5
Qe8 23. Qe2 Bd8 24. Bxd7 Qxd7 25. Qb5 Qe7 26. Ne2 Qd7 27. Qxd7 Nbxd7 28. Ng3 Ba5
29. Nc4 Bc7 30. Rc2 Kh7 31. f3 b5 32. Nd2 Rb8 33. Nf5 b4 34. axb4 Rxb4 35. Nc4
Rfb8 36. Bxc5 Nxc5 37. Rd1 Rb3 38. Ka2 Rxf3 39. Ncxd6 Bxd6 40. Nxd6 Nd3 41. Ka1
a3 42. bxa3 Nc5 43. Ka2 Na4 44. Rdc1 Rbb3 45. Nc4 f6 46. Rb1 Rxb1 47. Kxb1 Nc3+
48. Kb2 Nxe4 49. a4 Rd3 50. Nb6 Rd4 51. Rc4 Rxc4 52. Nxc4 Nc5 53. a5 Kg7 54. Kc3
f5 55. gxf5 Kf6 56. Ne3 e4 57. Kc4 Nd7 58. Kb5 Ke5 59. a6 Kd4 60. a7 Kxe3 61.
a8=Q g4 62. Qg8 Kf3 63. Qe6 g3 64. Qxd7 g2 65. Qg7 1-0

[Event "PRO League Group Stage"]
[Site "chess.com INT"]
[Date "2018.01.31"]
[Round "3"]
[White "Naroditsky, Daniel"]
[Black "Gorovets, Andrey"]
[Result "1/2-1/2"]
[WhiteTitle "GM"]
[BlackTitle "GM"]
[WhiteElo "2619"]
[BlackElo "2517"]
[WhiteTeam "San Jose Hackers"]
[BlackTeam "Dallas Destiny"]
[WhiteFideId "2026961"]
[BlackFideId "13504037"]
[EventDate "2018.01.18"]

1. d4 d6 2. e4 Nf6 3. Nc3 e5 4. Nf3 Nbd7 5. Bd3 Be7 6. O-O O-O 7. b3 c6 8. Bb2
Re8 9. a4 a5 10. Re1 exd4 11. Nxd4 Nc5 12. Bf1 Bf8 13. Qf3 Qe7 14. Nf5 Bxf5 15.
Qxf5 g6 16. Qf4 Bg7 17. Rad1 Rad8 18. Qc1 Qc7 19. f3 Qe7 20. Ne2 d5 21. e5 Nfd7
22. f4 f6 23. c4 Nxb3 24. Qc3 Nbc5 25. cxd5 Nxa4 26. Qb3 Ndc5 27. Qa2 fxe5 28.
dxc6+ Qf7 29. Qxf7+ Kxf7 30. c7 Rxd1 31. Rxd1 Rc8 32. Bxe5 Bxe5 33. fxe5 Rxc7
34. Nd4 Ne6 35. Nb5 Rc5 36. Rd7+ Kg8 37. Rxb7 Rxe5 38. Bc4 Nc5 39. Ra7 a4 40.
Nc7 Kf8 41. Nxe6+ Nxe6 42. Rxa4 Re4 43. Ra8+ Kg7 44. Ra7+ Kh6 45. Bd5 Re5 46.
Bc4 Re4 47. Bd5 Re5 48. Bc4 Re4 1/2-1/2

[Event "PRO League Group Stage"]
[Site "chess.com INT"]
[Date "2018.01.31"]
[Round "3"]
[White "Smith, Daniel"]
[Black "Hansen, Eric"]
[Result "0-1"]
[BlackTitle "GM"]
[WhiteElo "2070"]
[BlackElo "2629"]
[WhiteTeam "Montclair Sopranos"]
[BlackTeam "Montreal Chessbrahs"]
[WhiteFideId "2024195"]
[BlackFideId "2606771"]
[EventDate "2018.01.18"]

1. e4 d6 2. d4 Nf6 3. Nc3 e5 4. Nf3 Nbd7 5. Bc4 Be7 6. O-O O-O 7. Re1 c6 8. a4
a5 9. h3 Qc7 10. Bg5 Re8 11. Qd2 Nf8 12. Rad1 Ng6 13. Qd3 h6 14. Bc1 Nh5 15. Ne2
Bf8 16. Qb3 Rb8 17. c3 Qe7 18. dxe5 dxe5 19. Qb6 Ra8 20. Be3 Qf6 21. Rd2 Nhf4
22. Nxf4 Nxf4 23. Bxf4 Qxf4 24. Rd3 Qf6 25. Nd2 Be6 26. Bxe6 Qxe6 27. Qxb7 Rab8
28. Qd7 Rxb2 29. Qxe6 Rxe6 30. Nc4 Ra2 31. Nxa5 Bc5 32. Rf3 Rxa4 33. Nb3 Bb6 34.
Re2 Rd6 35. Rd2 Rxd2 36. Nxd2 Ra1+ 37. Kh2 Re1 38. Nc4 Bc5 39. Na5 Rxe4 40. Nxc6
f6 41. g3 Re2 42. Kg1 Rb2 43. Na5 Kf7 44. Nc4 Rb1+ 45. Kg2 Ke6 46. Rd3 Rc1 47.
g4 Rc2 48. Rf3 g6 49. h4 h5 50. gxh5 gxh5 51. Kg3 f5 52. Ne3 f4+ 53. Kh3 fxe3
54. fxe3 Rxc3 55. Kg2 Rxe3 56. Rf1 Re2+ 57. Kf3 Rh2 58. Kg3 Rb2 59. Rc1 Rb3+ 60.
Kg2 Be3 61. Rc6+ Kf5 62. Rc8 Bf4 63. Rg8 Rb2+ 64. Kf3 e4# 0-1

[Event "PRO League Group Stage"]
[Site "chess.com INT"]
[Date "2018.01.31"]
[Round "3"]
[White "Smith, Daniel"]
[Black "Oussedik, Elias"]
[Result "0-1"]
[WhiteElo "2070"]
[BlackElo "2171"]
[WhiteTeam "Montclair Sopranos"]
[BlackTeam "Montreal Chessbrahs"]
[WhiteFideId "2024195"]
[BlackFideId "2605341"]
[EventDate "2018.01.18"]

1. e4 e6 2. d4 d5 3. Nc3 Nf6 4. Bg5 Be7 5. e5 Nfd7 6. Bxe7 Qxe7 7. f4 a6 8. Nf3
c5 9. Qd2 Nc6 10. O-O-O c4 11. f5 b5 12. Ne2 Nb6 13. Nf4 exf5 14. Nh5 Rg8 15. g3
Be6 16. Nh4 O-O-O 17. Bh3 g6 18. Nf6 Rh8 19. Bg2 Qb4 20. Qxb4 Nxb4 21. a3 Nc6
22. Bf3 Ne7 23. Ng2 Nd7 24. Nxd7 Kxd7 25. Nf4 h5 26. h4 Rb8 27. Kd2 Rhc8 28. Ra1
Kc6 29. Rhc1 Rc7 30. b4 a5 31. Kc3 Ra7 32. Kb2 Nc8 33. Bd1 Nb6 34. c3 Rba8 35.
Rcb1 Nc8 36. Bc2 Ne7 37. Re1 Ng8 38. Reb1 Nh6 39. Bd1 Kd7 40. Bf3 Kc6 41. Re1
Rg8 42. Kc2 Rga8 43. Kb2 Rb7 44. Kc2 Rb6 45. Kb2 Rba6 46. Rf1 Ng8 47. Rfe1 Ne7
48. Reb1 Nc8 49. Bd1 R6a7 50. Bc2 Ne7 51. Bd1 Nc8 52. Bc2 Nb6 53. Bd1 Kd7 54.
Bc2 Kc6 55. Re1 Rg8 56. Rg1 Nd7 57. Bd1 Nb6 58. Bc2 Nc8 59. Bd1 Ne7 60. Bc2 Rga8
61. Rgb1 Rh8 62. Rh1 Ng8 63. a4 Nh6 64. axb5+ Kxb5 65. Ra4 Rha8 66. Rha1 Ng4 67.
Bd1 Ne3 68. Bf3 Ra6 69. Kc1 axb4 70. Rxb4+ Kc6 71. Rxa6+ Rxa6 72. Kd2 Nf1+ 73.
Ke1 Ra1+ 74. Kf2 Nd2 75. Ke3 Ra2 76. Be2 Ne4 77. Bf3 Nd2 78. Bg2 Rc2 79. Ne2 Kd7
80. Rb7+ Kc8 81. Ra7 Nb1 82. Bf3 Nxc3 83. Nf4 Nb5 84. Ra5 Rc3+ 85. Kf2 Nxd4 86.
Bd1 Rc1 87. Ba4 Nb3 88. Ra7 Rc2+ 89. Ke3 Rc3+ 90. Ke2 Rc2+ 91. Kd1 Rd2+ 92. Ke1
Rd4 93. Ne2 Re4 94. Re7 Rxe5 95. Kd1 Nc5 96. Re8+ Kb7 97. Bc2 Nd3 98. Re7+ Kc6
99. Nd4+ Kc5 100. Nf3 Re4 101. Nd2 Rd4 102. Nf3 Re4 103. Nd2 Re3 104. Nf1 Rf3
105. Nd2 Rxg3 106. Rc7+ Kd6 107. Ra7 Rh3 108. Ba4 Ke5 109. Ke2 Rh2+ 110. Kd1
Rh1+ 111. Ke2 Nf4+ 112. Kf3 c3 113. Nb3 Rxh4 114. Rc7 Nh3 115. Be8 Ng5+ 116. Kg3
Rc4 117. Ra7 c2 118. Nc1 Rc5 119. Ba4 Rc3+ 120. Kh4 Kf6 121. Ne2 Rh3# 0-1

[Event "PRO League Group Stage"]
[Site "chess.com INT"]
[Date "2018.01.31"]
[Round "3"]
[White "Amin, Bassem"]
[Black "Van Foreest, Jorden"]
[Result "0-1"]
[WhiteTitle "GM"]
[BlackTitle "GM"]
[WhiteElo "2693"]
[BlackElo "2629"]
[WhiteTeam "Montclair Sopranos"]
[BlackTeam "Montreal Chessbrahs"]
[WhiteFideId "10601457"]
[BlackFideId "1039784"]
[EventDate "2018.01.18"]

1. Nf3 d5 2. g3 c6 3. Bg2 Bg4 4. O-O Nd7 5. d3 e6 6. Nbd2 Bd6 7. b3 Ngf6 8. Bb2
O-O 9. h3 Bh5 10. c4 Qe7 11. a3 a5 12. Qc2 e5 13. e4 Bxf3 14. Nxf3 dxe4 15. dxe4
Rfd8 16. Nh4 g6 17. Nf3 Nf8 18. Rfd1 N6d7 19. h4 Bc7 20. Bc3 Qf6 21. b4 axb4 22.
axb4 Rxa1 23. Bxa1 Ne6 24. c5 Nb8 25. Rxd8+ Nxd8 26. Qd3 Na6 27. Bc3 Ne6 28. Bh3
Nd4 29. Nxd4 exd4 30. Qxd4 Qxd4 31. Bxd4 Nxb4 32. f4 Kf8 33. Kf1 Bb8 34. Bc8 Ke7
35. Bxb7 Kd7 36. Ke2 Ba7 37. Kd2 Kc7 38. Kc3 Na2+ 39. Kb2 Kxb7 40. Kxa2 Ka6 41.
f5 Kb5 42. fxg6 fxg6 43. Kb3 Bxc5 44. Bf6 Bf2 45. e5 Kc5 46. e6 Kd6 47. e7 Kd7
48. g4 Bc5 49. h5 Bxe7 50. Bc3 gxh5 51. gxh5 Ke6 52. Kc4 Kf5 53. Bd2 Kg4 54. h6
Bg5 55. Ba5 Bxh6 56. Kc5 Bf4 57. Kxc6 h5 58. Bd8 Bg5 59. Bb6 h4 60. Kd5 Kf3 61.
Bc7 h3 62. Bh2 Bf4 63. Bg1 Kg2 0-1

[Event "PRO League Group Stage"]
[Site "chess.com INT"]
[Date "2018.01.31"]
[Round "3"]
[White "Amin, Bassem"]
[Black "Hambleton, Aman"]
[Result "1-0"]
[WhiteTitle "GM"]
[BlackTitle "IM"]
[WhiteElo "2693"]
[BlackElo "2501"]
[WhiteTeam "Montclair Sopranos"]
[BlackTeam "Montreal Chessbrahs"]
[WhiteFideId "10601457"]
[BlackFideId "2606577"]
[EventDate "2018.01.18"]

1. e4 c5 2. d3 e6 3. g3 d5 4. Nd2 Nc6 5. Bg2 Nge7 6. Ngf3 g6 7. O-O Bg7 8. Re1
O-O 9. h4 dxe4 10. Nxe4 b6 11. h5 Bb7 12. hxg6 hxg6 13. Nfg5 Nf5 14. Qg4 Re8 15.
Qh3 Nd6 16. Qh7+ Kf8 17. Nxd6 Qxd6 18. Ne4 Qd4 19. c3 Qd8 20. Bg5 1-0

[Event "PRO League Group Stage"]
[Site "chess.com INT"]
[Date "2018.01.31"]
[Round "3"]
[White "Feng, Roland"]
[Black "Dreev, Aleksey"]
[Result "0-1"]
[WhiteTitle "FM"]
[BlackTitle "GM"]
[WhiteElo "2358"]
[BlackElo "2653"]
[WhiteTeam "Seattle Sluggers"]
[BlackTeam "San Diego Surfers"]
[WhiteFideId "2060086"]
[BlackFideId "4100107"]
[EventDate "2018.01.18"]

1. d4 d5 2. c4 c6 3. cxd5 cxd5 4. Nf3 Nf6 5. Nc3 Nc6 6. Bf4 e6 7. e3 Bd6 8. Bg3
Bxg3 9. hxg3 Qd6 10. a3 Bd7 11. Bd3 h6 12. Rc1 O-O 13. b4 Rac8 14. O-O e5 15.
Nb5 Qe7 16. dxe5 Nxe5 17. Nxe5 Qxe5 18. Nd4 Ng4 19. Rxc8 Rxc8 20. Be2 Nf6 21.
Qa1 Qc7 22. Bf3 Qc3 23. Ne2 Qxa1 24. Rxa1 Kf8 25. Rc1 Rxc1+ 26. Nxc1 Ke7 27. Nb3
Kd6 28. Kf1 Ne4 29. Bxe4 dxe4 30. Nc5 Bc6 31. Ke2 Kd5 32. Nb3 Bb5+ 33. Ke1 b6
34. Nd4 Bd7 35. Kd2 Kc4 36. Kc2 g5 37. Kd2 h5 38. Kc2 a5 39. bxa5 bxa5 40. Kd2
f5 41. Kc2 f4 42. Kd2 a4 43. Kc2 h4 44. Kd2 f3 45. gxf3 h3 46. fxe4 h2 0-1

[Event "PRO League Group Stage"]
[Site "chess.com INT"]
[Date "2018.01.31"]
[Round "3"]
[White "Holt, Conrad"]
[Black "Naroditsky, Daniel"]
[Result "0-1"]
[WhiteTitle "GM"]
[BlackTitle "GM"]
[WhiteElo "2578"]
[BlackElo "2619"]
[WhiteTeam "Dallas Destiny"]
[BlackTeam "San Jose Hackers"]
[WhiteFideId "2034387"]
[BlackFideId "2026961"]
[EventDate "2018.01.18"]

1. d4 d6 2. Nf3 g6 3. c4 Bg7 4. Nc3 Nf6 5. e4 O-O 6. h3 a5 7. Bg5 Na6 8. Be2 c6
9. O-O Nc7 10. Qc1 Re8 11. Rd1 Nd7 12. d5 Nc5 13. e5 cxd5 14. cxd5 f6 15. Be3 b6
16. e6 Bb7 17. h4 h5 18. Qc2 f5 19. Ng5 Rf8 20. Bd4 Bxd4 21. Rxd4 Rf6 22. Qd2
Qf8 23. Nh3 Qg7 24. Rd1 Rff8 25. Nf4 Ne8 26. Qe3 Nf6 27. Qg3 Kh7 28. Bd3 Ng4 29.
Bc2 Rac8 30. Nh3 Kg8 31. Qf4 Ba6 32. Qg5 Ne5 33. Nf4 Rf6 34. R1d2 b5 35. Rd1 b4
36. Nce2 Bxe2 37. Nxe2 Nxe6 38. dxe6 Rxc2 39. Nf4 Kh7 40. Rd5 Rxb2 41. Rxa5 Ng4
42. Rf1 b3 43. axb3 Rxb3 44. Ra7 Rb5 45. Rc1 Re5 46. f3 Nh6 47. Rc8 Rfxe6 48.
Nxe6 Rxe6 49. Re8 Qd4+ 50. Kh2 Qxa7 51. Qd2 Qe3 52. Qc2 Qf4+ 53. Kh3 Ng4 54. g3
Qd4 55. Qc8 Re2 0-1

[Event "PRO League Group Stage"]
[Site "chess.com INT"]
[Date "2018.01.31"]
[Round "3"]
[White "Holt, Conrad"]
[Black "Ke, Ivan"]
[Result "1-0"]
[WhiteTitle "GM"]
[WhiteElo "2578"]
[BlackElo "2207"]
[WhiteTeam "Dallas Destiny"]
[BlackTeam "San Jose Hackers"]
[WhiteFideId "2034387"]
[BlackFideId "30914477"]
[EventDate "2018.01.18"]

1. d4 d5 2. c4 e6 3. Nc3 Be7 4. cxd5 exd5 5. Bf4 c6 6. e3 Nd7 7. Bd3 Ngf6 8. Nf3
O-O 9. Qc2 Re8 10. O-O Nf8 11. Rab1 Ne6 12. Be5 g6 13. b4 a6 14. a4 Ng7 15. b5
a5 16. Rfc1 Ba3 17. Rf1 Bf5 18. bxc6 bxc6 19. Rb7 Bxd3 20. Qxd3 Bb4 21. Ng5 Nd7
22. Nf3 Nxe5 23. Nxe5 Rxe5 24. dxe5 Ne6 25. Qc2 Qc8 26. Rb6 Qc7 27. Nxd5 cxd5
28. Qxc7 Nxc7 29. Rd1 Rd8 30. Kf1 Kf8 31. Rb7 Ne6 32. Rc1 d4 33. exd4 Rxd4 34.
g3 g5 35. Rc8+ Kg7 36. Re8 Kg6 37. Rg8+ Kf5 38. Rxf7+ Kxe5 39. Rxh7 Bc5 40. Re8
Kf5 41. Rf7+ Ke5 42. Rc7 Bd6 43. Rc2 Kf6 44. Rc6 Ke5 45. Rc3 Kf6 46. Rf3+ Bf4
47. h4 Rxa4 48. hxg5+ Nxg5 49. Rxf4+ Rxf4 50. Rf8+ Kg7 51. Rxf4 1-0

[Event "PRO League Group Stage"]
[Site "chess.com INT"]
[Date "2018.01.31"]
[Round "3"]
[White "Karavade, Eesha"]
[Black "Onischuk, Alexander"]
[Result "1-0"]
[WhiteTitle "IM"]
[BlackTitle "GM"]
[WhiteElo "2386"]
[BlackElo "2681"]
[WhiteTeam "Mumbai Movers"]
[BlackTeam "Estonia Horses"]
[WhiteFideId "5012600"]
[BlackFideId "14101025"]
[EventDate "2018.01.18"]

1. d4 Nf6 2. c4 e6 3. Nc3 Bb4 4. Qc2 O-O 5. e4 d5 6. e5 Ne4 7. Bd3 c5 8. Nf3
cxd4 9. Nxd4 Nd7 10. Bf4 Ndc5 11. O-O Nxd3 12. Qxd3 Nxc3 13. bxc3 Be7 14. Rfd1
Qa5 15. Qg3 Re8 16. Nb5 Bf8 17. Nd6 Rd8 18. Bg5 Rd7 19. Ne8 f5 20. exf6 g6 21.
f7+ Rxf7 22. cxd5 exd5 23. Nf6+ Kh8 24. Rxd5 Qa3 25. Ne4 Bf5 26. Bf6+ Bg7 27.
Bxg7+ Rxg7 28. Rad1 Rf8 29. Ng5 Re7 30. R5d2 Rc8 31. Rd8+ Rxd8 32. Rxd8+ Kg7 33.
h4 h6 34. Nh3 Qxa2 35. Nf4 Kh7 36. h5 Qb1+ 37. Kh2 gxh5 38. Qg8# 1-0

[Event "PRO League Group Stage"]
[Site "chess.com INT"]
[Date "2018.01.31"]
[Round "3"]
[White "Karavade, Eesha"]
[Black "Kanep, Meelis"]
[Result "0-1"]
[WhiteTitle "IM"]
[BlackTitle "GM"]
[WhiteElo "2386"]
[BlackElo "2446"]
[WhiteTeam "Mumbai Movers"]
[BlackTeam "Estonia Horses"]
[WhiteFideId "5012600"]
[BlackFideId "4501047"]
[EventDate "2018.01.18"]

1. d4 Nf6 2. c4 g6 3. Nc3 Bg7 4. e4 d6 5. Nf3 O-O 6. Be2 Bg4 7. Be3 Nfd7 8. Rc1
c5 9. d5 a6 10. a4 Qb6 11. Qd2 Bxf3 12. gxf3 Qb4 13. f4 Nb6 14. Qd3 Nxa4 15. Bd2
Nxb2 16. Qg3 Nxc4 17. Rb1 Bxc3 18. Rxb4 Bxd2+ 19. Kf1 cxb4 20. Bxc4 b5 21. Be2
Nd7 22. Kg2 Bc3 23. Rc1 Nc5 24. Qe3 Rab8 25. h4 a5 26. h5 a4 27. Rh1 a3 28. Qh3
g5 29. Qf5 Kh8 30. Kf3 gxf4 31. e5 Bxe5 32. Rc1 e6 33. Qb1 b3 34. Rxc5 a2 35.
Qxb3 a1=Q 0-1

[Event "PRO League Group Stage"]
[Site "chess.com INT"]
[Date "2018.01.31"]
[Round "3"]
[White "Hjartarson, Johann"]
[Black "Lenic, Luka"]
[Result "1-0"]
[WhiteTitle "GM"]
[BlackTitle "GM"]
[WhiteElo "2536"]
[BlackElo "2662"]
[WhiteTeam "Reykjavik Puffins"]
[BlackTeam "Ljubljana Turtles"]
[WhiteFideId "2300044"]
[BlackFideId "14603853"]
[EventDate "2018.01.18"]

1. c4 e6 2. d4 Nf6 3. Nc3 Bb4 4. e3 O-O 5. Bd3 d5 6. a3 Bxc3+ 7. bxc3 dxc4 8.
Bxc4 c5 9. Nf3 Qc7 10. Ba2 Nc6 11. O-O e5 12. h3 Bf5 13. d5 Rad8 14. c4 e4 15.
Nh2 Ne5 16. Bb2 Rfe8 17. Kh1 Bg6 18. Rb1 Re7 19. Bc3 Ne8 20. a4 Nd6 21. Qe2 Qd7
22. a5 Qf5 23. Ng4 Nxg4 24. Qxg4 Qxg4 25. hxg4 h5 26. g5 Bf5 27. Kh2 Bg4 28. Rb2
h4 29. Bd2 Be2 30. Rc1 Kh7 31. Bc3 Bd3 32. Bd2 Kg6 33. f4 f6 34. gxf6 gxf6 35.
Be1 Rh8 36. Bf2 Rg7 37. Bb1 Kf5 38. Rb3 Rhg8 39. Rg1 Bxc4 40. Rc3 b5 41. axb6
axb6 42. Bxh4 Be2 43. Ra3 Rh8 44. g3 c4 45. Bc2 Rc7 46. Rb1 b5 47. Ra6 Rd8 48.
Rxb5 c3 49. Rbb6 Bxa6 50. Rxa6 Rb7 51. Kh3 Rb2 52. Bd1 Kg6 53. Rc6 Rd2 54. Bg4
c2 55. Be6 Re2 56. Kg4 Rd2 57. f5+ Kg7 58. Rc7+ Kh6 59. Bxf6 1-0

[Event "PRO League Group Stage"]
[Site "chess.com INT"]
[Date "2018.01.31"]
[Round "3"]
[White "Hjartarson, Johann"]
[Black "Skuhala, Luka"]
[Result "0-1"]
[WhiteTitle "GM"]
[WhiteElo "2536"]
[BlackElo "2059"]
[WhiteTeam "Reykjavik Puffins"]
[BlackTeam "Ljubljana Turtles"]
[WhiteFideId "2300044"]
[BlackFideId "14605678"]
[EventDate "2018.01.18"]

1. d4 Nf6 2. c4 e6 3. Nc3 Bb4 4. e3 Bxc3+ 5. bxc3 c5 6. Bd3 d6 7. Ne2 O-O 8. O-O
e5 9. e4 Nc6 10. Bg5 h6 11. Bh4 g5 12. Bg3 Nh5 13. Bc2 Qf6 14. Ba4 cxd4 15. Bxc6
bxc6 16. cxd4 Be6 17. Qd3 Nf4 18. Bxf4 gxf4 19. Rab1 Kh8 20. d5 cxd5 21. cxd5
Bc8 22. f3 Rg8 23. Kh1 Qg6 24. Rg1 Qh5 25. g3 fxg3 26. Nxg3 Qg5 27. Ne2 Qf6 28.
Rxg8+ Kxg8 29. Qe3 Kh7 30. Ng3 Bh3 31. Rg1 Rg8 32. Ne2 Rc8 33. f4 Bd7 34. fxe5
dxe5 35. Ng3 Bg4 36. Rf1 Qg6 37. Qxa7 Kg8 38. Qe7 Rc2 39. Qe8+ Kg7 40. Qxe5+ Kg8
41. a4 h5 42. Qe8+ Kg7 43. Qe5+ Kg8 44. Qe8+ Kg7 45. Qe7 Rd2 46. a5 Bh3 47. Rg1
Bg4 48. Nf5+ Kh7 49. Nh4 Qg7 50. h3 Rd3 51. hxg4 Rh3+ 52. Kg2 Qxg4+ 53. Kf2 Qf4+
54. Kg2 Qg4+ 55. Kf2 Qf4+ 56. Ke1 Qe3+ 57. Kf1 Qf4+ 58. Ke2 Qe3+ 59. Kf1 Qf4+
60. Ke2 Rxh4 61. Rg2 Rh3 62. Rf2 Qe3+ 63. Kf1 Rh1+ 64. Kg2 Qh3# 0-1

[Event "PRO League Group Stage"]
[Site "chess.com INT"]
[Date "2018.01.31"]
[Round "3"]
[White "Hansen, Eric"]
[Black "Amin, Bassem"]
[Result "0-1"]
[WhiteTitle "GM"]
[BlackTitle "GM"]
[WhiteElo "2629"]
[BlackElo "2693"]
[WhiteTeam "Montreal Chessbrahs"]
[BlackTeam "Montclair Sopranos"]
[WhiteFideId "2606771"]
[BlackFideId "10601457"]
[EventDate "2018.01.18"]

1. e4 e5 2. Nf3 Nc6 3. Bb5 a6 4. Ba4 Nf6 5. O-O Be7 6. Re1 b5 7. Bb3 d6 8. c3
O-O 9. h3 Nb8 10. d4 Nbd7 11. Nbd2 Bb7 12. Bc2 Re8 13. a4 Bf8 14. Bd3 c6 15. b3
g6 16. Bb2 Nh5 17. Bf1 Nf4 18. Qc2 Rc8 19. Rad1 Qc7 20. g3 Ne6 21. h4 Bg7 22.
Bh3 Rcd8 23. axb5 cxb5 24. d5 Nd4 25. Qb1 Nxf3+ 26. Nxf3 Nc5 27. Bc1 a5 28. h5
b4 29. cxb4 axb4 30. Be3 Ba6 31. h6 Bf8 32. Rc1 Qa5 33. Bf1 Bxf1 34. Kxf1 Qa6+
35. Rc4 Rc8 36. Kg2 Qa3 37. Rec1 Ra8 38. Nd2 Qa2 39. Rxb4 Qxb1 40. Rxb1 Nd3 41.
Ra4 f5 42. Nc4 Rab8 43. f3 f4 44. Ba7 Rb7 45. g4 Ra8 46. Bg1 Rxa4 0-1

[Event "PRO League Group Stage"]
[Site "chess.com INT"]
[Date "2018.01.31"]
[Round "3"]
[White "Hansen, Eric"]
[Black "Erenburg, Sergey"]
[Result "0-1"]
[WhiteTitle "GM"]
[BlackTitle "GM"]
[WhiteElo "2629"]
[BlackElo "2564"]
[WhiteTeam "Montreal Chessbrahs"]
[BlackTeam "Montclair Sopranos"]
[WhiteFideId "2606771"]
[BlackFideId "2805642"]
[EventDate "2018.01.18"]

1. e4 e5 2. Nf3 Nf6 3. Nxe5 d6 4. Nf3 Nxe4 5. d3 Nf6 6. d4 d5 7. Bd3 Be7 8. O-O
O-O 9. Re1 Bg4 10. h3 Bh5 11. Bg5 Nbd7 12. c3 Re8 13. Nbd2 c6 14. Qc2 Bg6 15.
Bxg6 hxg6 16. Re3 Bd6 17. Rxe8+ Qxe8 18. a4 Qc8 19. Re1 Qc7 20. Nf1 Ne4 21. N1d2
Nef6 22. Bxf6 gxf6 23. h4 Kg7 24. h5 Rh8 25. hxg6 fxg6 26. c4 dxc4 27. Nxc4 Nb6
28. Ne3 Bh2+ 29. Kf1 Bf4 30. a5 Rh1+ 31. Ke2 Rxe1+ 32. Nxe1 Nc8 33. Nd3 Bxe3 34.
fxe3 Qxa5 35. Nf4 Ne7 36. g4 Qb4 37. Qe4 Qd6 38. Kf3 f5 39. gxf5 gxf5 40. Qc2 b6
41. Qg2+ Kf7 42. Qg5 Ke8 43. Qh5+ Kd7 44. Qf7 a5 45. b3 b5 46. Ke2 a4 47. bxa4
bxa4 48. Qc4 a3 49. Qa4 Ke8 50. Kd2 Kf7 51. Qb3+ Nd5 52. Nxd5 cxd5 53. Kc2 Kg6
54. Kb1 Kg5 55. Ka2 Kg4 56. Qd1+ Kg3 57. Qc2 Qb4 58. Qe2 Qb2+ 59. Qxb2 axb2 60.
Kxb2 Kf3 0-1

[Event "PRO League Group Stage"]
[Site "chess.com INT"]
[Date "2018.01.31"]
[Round "3"]
[White "Agrest, Evgenij"]
[Black "Smeets, Jan"]
[Result "1/2-1/2"]
[WhiteTitle "GM"]
[BlackTitle "GM"]
[WhiteElo "2584"]
[BlackElo "2608"]
[WhiteTeam "Stockholm Snowballs"]
[BlackTeam "Amsterdam Mosquitoes"]
[WhiteFideId "1705024"]
[BlackFideId "1007246"]
[EventDate "2018.01.18"]

1. d4 d5 2. Bf4 Nf6 3. e3 c5 4. Nd2 Bg4 5. Ngf3 Nc6 6. c3 a6 7. h3 Bxf3 8. Nxf3
e6 9. Bd3 Bd6 10. dxc5 Bxc5 11. O-O Bd6 12. Bxd6 Qxd6 13. c4 dxc4 14. Bxc4 Qxd1
15. Rfxd1 Ke7 16. Kf1 Rhd8 17. Rxd8 Rxd8 18. Rc1 Rd6 19. Ke2 h6 20. a3 Nd7 21.
Ba2 f5 22. Nd2 Nb6 23. Rc2 g5 24. g4 Kf6 25. b4 Rd7 26. Nb3 Na4 27. Nc1 Ne5 28.
f3 h5 29. gxh5 Rh7 30. Rc8 Rxh5 31. Bb3 Nb6 32. Re8 Nd5 33. Bxd5 exd5 34. Rf8+
Ke6 35. Nb3 Rxh3 36. Nd4+ Kd7 37. Rxf5 Rh2+ 38. Kf1 Nc4 39. Kg1 Nxe3 40. Kxh2
Nxf5 41. Nxf5 Ke6 42. Ng3 Ke5 43. Kg2 Kd4 44. Kf2 Kc3 45. Ne2+ Kb3 46. b5 Kxa3
47. bxa6 bxa6 48. Ke3 Kb4 49. Kd4 a5 50. Nc3 Kb3 51. Nxd5 a4 52. Nc3 a3 53. Kd3
Kb2 54. Kd2 Kb3 55. Ne2 Kb2 56. Nc3 Kb3 57. Kd3 Kb2 58. Kc4 Kc2 59. Na2 Kd2 60.
Kd4 Kc2 61. Nb4+ Kb3 62. Nd3 Kc2 63. Nb4+ Kb3 64. Nd3 Kc2 1/2-1/2